Central Library OPAC University of Rajshahi

The evolution of British town planning : (Record no. 1730)

MARC details
000 -LEADER
fixed length control field 00965cam a2200265 i 4500
001 - CONTROL NUMBER
control field 1730
003 - CONTROL NUMBER IDENTIFIER
rucl marc code BD-RjUL
005 - DATE AND TIME OF LATEST TRANSACTION
control field 20211208233411.0
008 - FIXED-LENGTH DATA ELEMENTS--GENERAL INFORMATION
fixed length control field 131208s1974 enkabce b 001 0 eng
020 ## - INTERNATIONAL STANDARD BOOK NUMBER
International Standard Book Number 0249441357
035 ## - SYSTEM CONTROL NUMBER
System control number (BD-RjUL)1757
040 ## - CATALOGING SOURCE
Original cataloging agency DLC
Transcribing agency DLC
Modifying agency DLC
-- BD-RjUL
Language of cataloging eng
041 ## - LANGUAGE CODE
Language code of text/sound track or separate title eng
082 00 - DEWEY DECIMAL CLASSIFICATION NUMBER
Classification number 309.2620941
Author mark and year CHE 1974
100 1# - MAIN ENTRY--PERSONAL NAME
Personal name Cherry, Gordon Emanuel.
9 (RLIN) 5726
245 14 - TITLE STATEMENT
Title The evolution of British town planning :
Remainder of title a history of town planning in the United Kingdom during the 20th century and of the Royal Town Planning Institute, 1914-74 /
Statement of responsibility, etc. Gordon E. Cherry.
260 ## - PUBLICATION, DISTRIBUTION, ETC. (IMPRINT)
Place of publication, distribution, etc. Leighton Buzzard :
Name of publisher, distributor, etc. L. Hill,
Date of publication, distribution, etc. c1974.
300 ## - PHYSICAL DESCRIPTION
Pagination xi, 275 p. :
Illustrations ill., facsims., maps, plans, ports. ;
Size 25 cm.
504 ## - BIBLIOGRAPHY, ETC. NOTE
Bibliography, etc Includes bibliographical references and index.
610 20 - SUBJECT ADDED ENTRY--CORPORATE NAME
Corporate name or jurisdiction name as entry element Royal Town Planning Institute.
650 #0 - SUBJECT ADDED ENTRY--TOPICAL TERM
Topical term or geographic name as entry element City planning
Geographic subdivision Great Britain.
9 (RLIN) 5728
942 ## - ADDED ENTRY ELEMENTS (KOHA)
Source of classification or shelving scheme Dewey Decimal Classification
Koha item type Books
Holdings
Lost status Source of classification or shelving scheme Damaged status Not for loan Collection code Permanent Location Current Location Shelving location Date acquired Source of acquisition Cost, normal purchase price Total Checkouts Full call number Date last seen Copy number Koha item type
  Dewey Decimal Classification   Not For Loan Non-fiction Central Library, University of Rajshahi Central Library, University of Rajshahi Reading Room 11/03/1980 Heffers 7.25   309.2620941 CHE 1974 08/12/2013 C-1 Books